00711cam a22002173a 450000100060000000300060000600500170001200800410002904000150007004200070008505000070009210000350009924501270013426000290026150600300029051600200032065300370034065300450037783000290042285600420045112997PGUSA20140828083300.0040722s2004||||xxu|||||s|||||000 1 eng d aPGUSAbeng adc 4aPZ1 aPatchin, Frank Gee,d1861-192514aThe Pony Rider Boys in the Grand Canyon; Or, The Mystery of Bright Angel Gulchh[electronic resource] /cFrank Gee Patchin bProject Gutenberg,c2004 aPublic domain in the USA. aElectronic text aHorsemanship -- Juvenile fiction aGrand Canyon (Ariz.) -- Juvenile fiction 0aProject Gutenbergv1299740uhttp://www.gutenberg.org/ebooks/12997